| 000 | 00627cab a2200229 4500 | ||
|---|---|---|---|
| 001 | WB3312-20 | ||
| 008 | 090401t1997 xxu||||| |||| 00| 0 eng d | ||
| 035 | _a(Sirsi) u77285 | ||
| 041 | _aeng | ||
| 245 | _aEmpties target hit by cuts | ||
| 260 | _c1997 | ||
| 350 | _a0 | ||
| 490 |
_aHousing Today _v(25) 20 March 1997, 5(1) |
||
| 520 | _aThe target for bringing empty properties back into use in London has been slashed because of recent budget cuts. | ||
| 650 | _aBUDGET CUTS | ||
| 650 | _aEMPTY HOMES | ||
| 650 | _aEMPTY PROPERTY | ||
| 650 | _aLONDON | ||
| 690 | _aHOUSING | ||
| 942 | _n0 | ||
| 948 | _c21/03/1997 | ||
| 999 |
_c48597 _d48597 |
||